000 00359 a2200145 4500
001 148913
040 _cEscola São Tomás de Aquino
100 _aLARREULA, Enric
240 1 0 _aOs grandes negócios da Bruxa Onilda
_lpor
245 1 0 _aOs grandes negócios da Bruxa Onilda
300 _a39
362 0 _a2011
697 _a*LITERATURA INFANTO
942 _cBK
999 _c148913
_d148913